00233nam a2200085Ia 4500001000800000005001700008008004100025245005400066260002700120122001520250827092803.0250824s9999 xx 000 0 und d 0aÇİVİSİ ÇIKMIŞ DÜNYAcAMİN MAALOUF bYAPI KREDİ YAYINLARI